| 000 | 01277cam a2200397Ia 4500 | ||
|---|---|---|---|
| 001 | 19876 | ||
| 005 | 20230410105317.0 | ||
| 008 | 060907s2003 fr b 000 0 fre d | ||
| 035 | _a(OCoLC)ocm53374382 | ||
| 040 |
_aTZT _cTZT _dUAB _dUBA |
||
| 020 | _a270713905X | ||
| 020 | _a9782707139054 | ||
| 029 | 0 |
_aTZT _bJTL00124080 |
|
| 035 | _a(OCoLC)53374382 | ||
| 050 | 1 | 4 |
_aH 61 _bR425 |
| 082 | 0 | 0 | _a330 |
| 100 | 1 | _aLévéque, Francois. | |
| 130 | 1 | _aReperes | |
| 245 | 1 | 0 |
_aÉconomie de la propriété intellectuelle / _cFrancois Lévéque et Yann Méniere. |
| 260 |
_aParis : _bLa Decouverte, _c2003. |
||
| 300 |
_a122 p. ; _c18 cm. |
||
| 490 | 1 |
_aCollection Reperes; _vn.375 |
|
| 504 | _aComprend des réf. bibliogr.: p. 116-[120]. | ||
| 650 | 6 |
_aPropriété intellectuelle _xAspect économique. |
|
| 650 | 6 | _aPropriété intellectuelle (Droit international) | |
| 650 | 6 |
_aDroit d'auteur _xAspect économique. |
|
| 653 |
_aEconomics _aIntellectual property |
||
| 650 | 7 |
_aPropriedade intelectual (aspectos económicos) _2larpcal |
|
| 700 | 1 | _aMéniere, Yann. | |
| 730 | 0 | _aCollection Reperes | |
| 830 | 0 | _aReperes | |
| 938 |
_aJean Touzot Libraire Editeur _bTOUZ _nJTL00124080 _c7,95 EUR |
||
| 942 |
_2lcc _cbk |
||
| 946 | _amjcruz | ||
| 994 |
_aC0 _bDRFGD |
||
| 999 |
_c34128 _d34128 |
||